Ministres du gouvernement de François Fillon - Statistiques

Statistiques générales
  • Ce quiz a été pris 332 fois
  • Le résultat moyen est 17 sur 31
Statistiques - réponses
Hint Réponse % Correct
Premier ministre François Fillon
100%
Garde des Sceaux, Ministre de la Justice (1) Rachida Dati
83%
Ministre d'État, ministre de l'Écologie, du Développement et de l'Aménagement durables (1) Alain Juppé
76%
Ministre des Solidarités et de la Cohésion sociale (2) Roselyne Bachelot-Narquin
72%
Ministre de la Santé, de la Jeunesse et des Sports (1) Roselyne Bachelot-Narquin
72%
Ministre de l’Agriculture, de l’Alimentation, de la Pêche, de la Ruralité et de l’Aménagement du territoire (3) Bruno Le Maire
71%
Ministre du Travail, des Relations sociales et de la Solidarité (1) Xavier Bertrand
69%
Ministre du Travail, de l’Emploi et de la Santé (2) Xavier Bertrand
69%
Ministre de l’Intérieur, de l’Outre-Mer, des Collectivités territoriales et de l’Immigration (2) Brice Hortefeux
68%
Ministre de l'Immigration, de l'Intégration, de l'Identité nationale et du Codéveloppement Brice Hortefeux
68%
Ministre de l'Intérieur, de l'Outre-mer et des Collectivités territoriales (1) Michèle Alliot-Marie
65%
Ministre d'État, ministre de l'Écologie, du Développement et de l'Aménagement durables (2) Jean-Louis Borloo
61%
Ministre de l'Économie, des Finances et de l'Emploi (1) Jean-Louis Borloo
61%
Ministre de l'Enseignement supérieur et de la Recherche Valérie Pécresse
60%
Ministre du Budget, des Comptes publics, de la Fonction publique et de la Réforme de l’État, porte-parole du Gouvernement (2) François Baroin
58%
Ministre des Affaires étrangères et européennes Bernard Kouchner
57%
Ministre de l'Économie, des Finances et de l'Emploi (2) Christine Lagarde
57%
Ministre de l’Économie, des Finances et de l’Industrie (3) Christine Lagarde
57%
Ministre de l'Agriculture et de la Pêche (1) Christine Lagarde
57%
Ministre de l’Écologie, du Développement durable, des Transports et du Logement (3) Nathalie Kosciusko-Morizet
53%
Ministre de l'Éducation nationale (1) Xavier Darcos
52%
Ministre du Budget, des Comptes publics et de la Fonction publique (1) Éric Woerth
46%
Ministre de la Culture et de la Communication (2) Frédéric Mitterrand
43%
Ministre de la Défense Hervé Morin
39%
Ministre de l’Éducation nationale, de la Jeunesse et de la Vie associative (2) Luc Chatel
37%
Ministre du Logement et de la Ville (1) Christine Boutin
35%
Ministre de l'Agriculture et de la Pêche (2) Michel Barnier
29%
Garde des Sceaux, ministre de la Justice et des Libertés (2) Michel Mercier
29%
Ministre de la Culture et de la Communication, porte-parole du gouvernement (1) Christine Albanel
27%
Ministre des Sports (2) Chantal Jouanno
26%
Ministre de la Ville (2) Maurice Leroy
13%
Aucun quiz correspondant
Distribution des résultats
% des personnes avec chaque résultat
Percentile par nombre de réponses
Votre historique - résultats
Vous n’avez pas pris ce quiz